Ingerencia procesu verejného obstarávania na zmluvy uzatvorené na základe tohto procesu

Problematika ingerencie procesu verejného obstarávania na zmluvy uzatvorené na základe procesu verejného obstarávania a v tejto súvislosti aj interakcia princípov verejného obstarávania a princípov obchodno-záväzkových vzťahov.

Gespeichert in:
Bibliographische Detailangaben
1. Verfasser: Duračinská, Jana
Format: Buchkapitel
Sprache:Slowakisch
Schlagworte:
Tags: Tag hinzufügen
Keine Tags, Fügen Sie das erste Tag hinzu!

MARC

LEADER 00000naa a2200000 4500
001 0192602
005 20221020081652.7
041 0 |a slo 
044 |a SK 
245 1 0 |a Ingerencia procesu verejného obstarávania na zmluvy uzatvorené na základe tohto procesu  |c Jana Duračinská 
520 |a Problematika ingerencie procesu verejného obstarávania na zmluvy uzatvorené na základe procesu verejného obstarávania a v tejto súvislosti aj interakcia princípov verejného obstarávania a princípov obchodno-záväzkových vzťahov. 
610 2 0 |a obstarávanie verejné 
610 2 0 |a vzťahy obchodné záväzkové 
610 2 0 |a zákazky 
610 2 0 |a zákonník obchodný 
100 1 |a Duračinská, Jana